Evaluación de los resultados del viaje del Presidente Monge a Europa en materia de cooperación económica
Gardado en:
| Autor Corporativo: | |
|---|---|
| Formato: | Texto |
| Publicado: |
San José:
s. e.
|
| Etiquetas: |
Engadir etiqueta
Sen Etiquetas, Sexa o primeiro en etiquetar este rexistro!
|
MARC
| LEADER | 00000 a a2200000 04500 | ||
|---|---|---|---|
| 001 | 24807 | ||
| 003 | |||
| 040 | |||
| 090 | |a 174800 | ||
| 110 | |a Costa Rica. Ministerio de Planificación Nacional y Política Económica | ||
| 245 | |a Evaluación de los resultados del viaje del Presidente Monge a Europa en materia de cooperación económica | ||
| 260 | |a San José: |b s. e. | ||
| 300 | |a 17 p. |b **no definido** | ||
| 999 | |c 14668 |d 14668 | ||
